[Event "9098 - Open de la Loire "]
[Site "Loire"]
[Date "2007.01.13"]
[Round "2.12"]
[White "Gerey, Jean-Pierre"]
[Black "Gregoire, Patrick"]
[Result "0-1"]
[WhiteElo "1330"]
[BlackElo "1580"]
[PlyCount "116"]
[EventDate "2007.??.??"]

1. e4 e6 2. d4 d5 3. e5 c5 4. Nf3 Qb6 5. c3 Nc6 6. Be2 Bd7 7. O-O cxd4 8. cxd4
Nge7 9. b3 Nf5 10. Be3 Nxe3 11. fxe3 h6 12. a4 Na5 13. Nfd2 Nc6 14. Nf3 Be7 15.
Nbd2 a6 16. Qe1 O-O-O 17. Qf2 Kb8 18. Ne1 Bb4 19. Bd1 Rhf8 20. Nd3 Rc8 21. Nxb4
Nxb4 22. Nf3 f6 23. Qd2 fxe5 24. Nxe5 Rxf1+ 25. Kxf1 Rf8+ 26. Kg1 Be8 27. Rc1
Nc6 28. Nxc6+ Bxc6 29. Qe1 a5 30. Qg3+ Qc7 31. Qxc7+ Kxc7 32. Bf3 Rf5 33. Kf2
e5 34. g4 Rf6 35. dxe5 Re6 36. Bxd5 Rxe5 37. Bxc6 bxc6 38. Kf3 g5 39. Rd1 Re6
40. e4 Re5 41. Rd4 Rc5 42. Ke3 Rc2 43. Rd2 Rc3+ 44. Kd4 Rxb3 45. e5 Rb4+ 46.
Kc5 Re4 47. Rf2 Rxe5+ 48. Kd4 Rd5+ 49. Ke4 Rd6 50. Ke5 c5 51. Rc2 Kc6 52. Rc3
Rd5+ 53. Kf6 Rd4 54. Rc1 Rxg4 55. Kg6 Rh4 56. Rf1 c4 57. Rf6+ Kc5 58. Rf5+ Kb4
0-1

[Event "9098 - Open de la Loire "]
[Site "Loire"]
[Date "2007.01.13"]
[Round "2.13"]
[White "Kotur, Sava"]
[Black "Ben Habchi, Nordine"]
[Result "1-0"]
[WhiteElo "1550"]
[BlackElo "1350"]
[PlyCount "66"]
[EventDate "2007.??.??"]

1. e4 c5 2. Nf3 d6 3. Bb5+ Bd7 4. Bxd7+ Nxd7 5. O-O Ngf6 6. Re1 e6 7. d3 Be7 8.
Nc3 O-O 9. a4 a5 10. Nb5 Qb8 11. Bd2 Ne8 12. c4 Nc7 13. Bc3 Nxb5 14. axb5 b6
15. Qd2 e5 16. Ng5 Nf6 17. Rf1 h6 18. Nh3 Qe8 19. f4 Ng4 20. fxe5 Nxe5 21. Nf4
Bg5 22. Qe2 Rb8 23. Nd5 Qd7 24. Rf5 Kh7 25. Raf1 g6 26. Rxg5 hxg5 27. Nf6+ Kh6
28. Nxd7 Nxd7 29. Rf6 Nxf6 30. Bxf6 Rbc8 31. Qe3 Rh8 32. Qxg5+ Kh7 33. Qh4+ Kg8
1-0

[Event "9098 - Open de la Loire "]
[Site "Loire"]
[Date "2007.01.13"]
[Round "2.14"]
[White "Schlick, Paul"]
[Black "Daillere, Roland"]
[Result "0-1"]
[WhiteElo "1299"]
[BlackElo "1499"]
[PlyCount "55"]
[EventDate "2007.??.??"]

1. d4 d5 2. e3 Nc6 3. b3 e5 4. c3 Nf6 5. Nf3 Bg4 6. Be2 e4 7. Ne5 Bxe2 8. Qxe2
Bd6 9. Nxc6 bxc6 10. Bb2 O-O 11. Nd2 Qd7 12. c4 Ng4 13. g3 Bb4 14. c5 Bxd2+ 15.
Qxd2 Qe6 16. Qc2 f5 17. h3 Nf6 18. Bc3 a5 19. Bxa5 Qf7 20. g4 fxg4 21. hxg4 Qd7
22. g5 Ng4 23. Rf1 Qf5 24. Bxc7 Qxg5 25. Bf4 Qf5 26. Bg3 Qf3 27. a3 Qe2+ 28.
Kxe2 0-1

[Event "9098 - Open de la Loire "]
[Site "Loire"]
[Date "2007.01.13"]
[Round "2.15"]
[White "Choquelle, Jean"]
[Black "Rogues, Jean-Luc"]
[Result "0-1"]
[WhiteElo "1210"]
[BlackElo "1410"]
[PlyCount "70"]
[EventDate "2007.??.??"]

1. c4 Nf6 2. Nc3 e5 3. e4 Bb4 4. Nd5 Nc6 5. f3 d6 6. Bd3 Be6 7. Ne2 Bc5 8. Nec3
O-O 9. a3 Nd4 10. b4 Bb6 11. c5 dxc5 12. Bc4 Bxd5 13. exd5 cxb4 14. axb4 Qd6
15. Ba3 c6 16. Rf1 cxd5 17. b5 Bc5 18. Bxc5 Qxc5 19. Bd3 Rfe8 20. Na4 Qd6 21.
b6 a6 22. Rc1 e4 23. Rc3 exd3+ 24. Kf2 Qxh2 25. Rh1 Re2+ 26. Qxe2 Qxh1 27. Nc5
Nxe2 28. Rxd3 Nf4 29. Rc3 Qxg2+ 30. Ke3 g5 31. Nxb7 Qe2+ 32. Kd4 Qxd2+ 33. Kc5
Qxc3+ 34. Kd6 Qb4+ 35. Nc5 Qxb6+ 0-1

[Event "9098 - Open de la Loire "]
[Site "Loire"]
[Date "2007.01.13"]
[Round "2.16"]
[White "Martin, Julien"]
[Black "Chambosse, Alexis"]
[Result "0-1"]
[WhiteElo "1400"]
[BlackElo "1320"]
[PlyCount "66"]
[EventDate "2007.??.??"]

1. e4 e5 2. Nf3 Nc6 3. Bb5 d6 4. d4 exd4 5. Qxd4 Bd7 6. Bxc6 Bxc6 7. O-O Nf6 8.
Bg5 Be7 9. Bxf6 Bxf6 10. Qb4 a5 11. Qb3 O-O 12. Nc3 Bxc3 13. Qxc3 Bxe4 14. Nd4
Qg5 15. g3 c5 16. Nf3 Qh5 17. Nh4 g5 18. f3 Bc6 19. Nf5 f6 20. Ne7+ Kg7 21.
Nxc6 bxc6 22. Rae1 Rf7 23. Re3 g4 24. Re4 gxf3 25. Rh4 f2+ 26. Rxf2 Qd1+ 27.
Rf1 Qd5 28. Rd1 Qxd1+ 29. Kg2 Re8 30. Qd3 Re2+ 31. Kh3 Qxd3 32. cxd3 Rxb2 33.
a4 Re7 0-1

[Event "9098 - Open de la Loire "]
[Site "Loire"]
[Date "2007.01.13"]
[Round "2.17"]
[White "Geraci, Georges"]
[Black "Volay, Pascal"]
[Result "0-1"]
[WhiteElo "1170"]
[BlackElo "1390"]
[PlyCount "59"]
[EventDate "2007.??.??"]

1. e4 e5 2. Nf3 Nc6 3. Bc4 Bc5 4. c3 Nf6 5. d3 O-O 6. Bg5 h6 7. Bh4 Be7 8. h3
d6 9. O-O Nh7 10. Bg3 a6 11. d4 Bf6 12. d5 Ne7 13. Qd3 b5 14. Bb3 Bb7 15. Bc2
Rc8 16. b4 Ng6 17. Qd2 Ng5 18. Qe3 Nxf3+ 19. gxf3 Bg5 20. Qd3 Bf4 21. Rd1 Qg5
22. Kf1 Bxg3 23. Rd2 Bf4 24. Re2 Nh4 25. Nd2 Qg2+ 26. Ke1 Bxd2+ 27. Kxd2 Qxf3
28. Kc1 Qxd3 29. Bxd3 f5 30. Kc2 0-1

[Event "9098 - Open de la Loire "]
[Site "Loire"]
[Date "2007.01.13"]
[Round "2.18"]
[White "Brachet, Gerard"]
[Black "Veyrat, Gerard"]
[Result "1-0"]
[WhiteElo "1380"]
[BlackElo "1200"]
[PlyCount "88"]
[EventDate "2007.??.??"]

1. d4 d5 2. Nc3 Nf6 3. Bg5 c6 4. Nf3 h6 5. Bxf6 exf6 6. e4 dxe4 7. Nxe4 f5 8.
Nc3 Bb4 9. Qd2 O-O 10. a3 Ba5 11. b4 Bc7 12. Bc4 Re8+ 13. Ne2 Nd7 14. O-O Nf6
15. c3 Ne4 16. Qb2 Nd6 17. Bb3 Be6 18. Rae1 Re7 19. c4 Qf8 20. d5 cxd5 21. cxd5
Bd7 22. a4 b5 23. Rc1 Bb6 24. a5 Bd8 25. Ned4 a6 26. Nc6 Bxc6 27. dxc6 Bc7 28.
Nd4 Re4 29. Qd2 Rae8 30. Rfe1 Kh8 31. Bc2 Rxe1+ 32. Rxe1 Nc4 33. Bxf5 g6 34.
Bd7 Qd6 35. Nf3 Nxd2 36. Ne5 f6 37. Nf7+ Kg7 38. Nxd6 Bxd6 39. Rd1 Bf4 40. Bc8
Kf7 41. Bxa6 Ke7 42. Bxb5 Kd8 43. a6 Kc7 44. a7 Kd8 1-0

[Event "9098 - Open de la Loire "]
[Site "Loire"]
[Date "2007.02.03"]
[Round "3.1"]
[White "Moleins, Adrien"]
[Black "Furnon, Yannick"]
[Result "1/2-1/2"]
[WhiteElo "1720"]
[BlackElo "1540"]
[PlyCount "59"]
[EventDate "2007.??.??"]

1. e4 c6 2. d4 d5 3. f3 dxe4 4. fxe4 Nf6 5. e5 Nd5 6. c4 Nb6 7. Be3 Bf5 8. Nc3
e6 9. Bd3 Bxd3 10. Qxd3 Be7 11. a4 Na6 12. Ne4 c5 13. Qb3 cxd4 14. O-O-O O-O
15. Bxd4 Nxc4 16. Bc5 Qc7 17. Bxe7 Qxe7 18. Nd6 Nxe5 19. Qb5 Ng4 20. Nh3 Ne3
21. Rd3 Nd5 22. Nxb7 Rab8 23. Qxa6 Rxb7 24. Qa5 Rc8+ 25. Kb1 Rc5 26. Qd2 Qe8
27. Nf4 Rd7 28. Re1 Nf6 29. Rde3 Nd5 30. Nxd5 1/2-1/2

[Event "9098 - Open de la Loire "]
[Site "Loire"]
[Date "2007.02.03"]
[Round "3.2"]
[White "Trottet, Francois"]
[Black "Pendrigh, Robin"]
[Result "0-1"]
[WhiteElo "1510"]
[BlackElo "1680"]
[PlyCount "70"]
[EventDate "2007.??.??"]

1. e4 e6 2. d4 d5 3. e5 c5 4. c3 Nc6 5. Nf3 Qb6 6. dxc5 Bxc5 7. Qe2 Bd7 8. b4
Be7 9. Be3 Qc7 10. Bf4 a6 11. Qd3 b5 12. Be2 Rc8 13. O-O Bd8 14. Nbd2 Nge7 15.
h3 Ng6 16. Qe3 f5 17. Rac1 Qb8 18. Nb3 Bb6 19. Nc5 Nxf4 20. Qxf4 Qa7 21. Nxd7
Kxd7 22. Rcd1 Ne7 23. c4 Ng6 24. Qd2 bxc4 25. Qc3 Rc6 26. Bxc4 Rhc8 27. Rxd5+
exd5 28. e6+ Rxe6 29. Qxg7+ Re7 30. Qf6 Rxc4 31. Qxf5+ Ke8 32. Qxd5 Bxf2+ 33.
Kh1 Ree4 34. Re1 Rxe1+ 35. Nxe1 Rc1 0-1

[Event "9098 - Open de la Loire "]
[Site "Loire"]
[Date "2007.02.03"]
[Round "3.3"]
[White "Gidon, Rene"]
[Black "Movsisian, Arthur"]
[Result "1-0"]
[WhiteElo "1600"]
[BlackElo "1499"]
[PlyCount "32"]
[EventDate "2007.??.??"]

1. e4 d6 2. d4 Nf6 3. Nc3 Nbd7 4. f4 c6 5. Nf3 Qc7 6. Be2 h6 7. O-O e5 8. Be3
Be7 9. Qd2 a5 10. a3 Nxe4 11. h3 Nxc3 12. Qxc3 O-O 13. f5 Bf6 14. d5 Nb6 15.
Rad1 Re8 16. Nh2 {dame f3 est imposible} 16... Bg5 1-0

[Event "9098 - Open de la Loire "]
[Site "Loire"]
[Date "2007.02.03"]
[Round "3.4"]
[White "Paratcha, Yohan"]
[Black "Granger, Thierry"]
[Result "0-1"]
[WhiteElo "1320"]
[BlackElo "1600"]
[PlyCount "61"]
[EventDate "2007.??.??"]

1. e4 c5 2. Nf3 e6 3. Nc3 Nc6 4. Bc4 d6 5. O-O Nf6 6. d4 cxd4 7. Nxd4 a6 8.
Nxc6 bxc6 9. Re1 Nd7 10. b4 Be7 11. Qg4 O-O 12. Bh6 Bf6 13. Re3 Ne5 14. Qe2
gxh6 15. b5 d5 16. exd5 cxd5 17. Bb3 axb5 18. Nxb5 Ba6 19. a4 Qb6 20. Ra2 Rab8
21. c4 dxc4 22. Bxc4 Nxc4 23. Qxc4 Bxb5 24. Qg4+ Kh8 25. Rb3 Qc6 26. h3 Rg8 27.
axb5 Rxb5 28. Rxb5 Rxg4 29. Rb8+ Rg8 30. Rxg8+ Kxg8 31. g4 0-1

[Event "9098 - Open de la Loire "]
[Site "Loire"]
[Date "2007.02.03"]
[Round "3.5"]
[White "Minchilli, Franco"]
[Black "Pommier, Laurent"]
[Result "1/2-1/2"]
[WhiteElo "1770"]
[BlackElo "1860"]
[PlyCount "74"]
[EventDate "2007.??.??"]

1. c4 Nf6 2. d4 g6 3. Nc3 Bg7 4. Nf3 d6 5. Bg5 O-O 6. e3 Nbd7 7. Bd3 e5 8. Bc2
exd4 9. Nxd4 Ne5 10. Bb3 Qd7 11. h3 b6 12. Nf3 Nxf3+ 13. Qxf3 Qf5 14. Qxa8 Qxg5
15. Qf3 Bd7 16. O-O Nh5 17. Ne4 Qe5 18. Ng3 Nxg3 19. fxg3 Qxb2 20. Rae1 Be6 21.
Rf2 Qc3 22. Qe2 Qe5 23. Rf3 a5 24. Ref1 c5 25. Qd3 Bf5 26. Qd5 Qe7 27. Qd2 Be4
28. R3f2 Be5 29. g4 Qh4 30. Bc2 Qg3 31. Rb1 Bxc2 32. Qxc2 Qxe3 33. Qe2 Bd4 34.
Qxe3 Bxe3 35. Rxb6 Rd8 36. Ra6 Bxf2+ 37. Kxf2 d5 1/2-1/2

[Event "9098 - Open de la Loire "]
[Site "Loire"]
[Date "2007.02.03"]
[Round "3.6"]
[White "Goudet, Maxence"]
[Black "Moleins, Jean-Pierre"]
[Result "0-1"]
[WhiteElo "1470"]
[BlackElo "1750"]
[PlyCount "88"]
[EventDate "2007.??.??"]

1. e4 e5 2. Nf3 Nc6 3. Bb5 Bd6 4. Bxc6 bxc6 5. Nc3 Ne7 6. d4 f6 7. O-O O-O 8.
Be3 Ng6 9. d5 Ba6 10. Re1 Rb8 11. Rb1 Rb7 12. Qd2 f5 13. exf5 Rxf5 14. dxc6
dxc6 15. Bg5 Qf8 16. Ne4 Rb5 17. c4 Rb8 18. Nxd6 cxd6 19. b3 c5 20. Rbd1 Rb6
21. Qd3 Bb7 22. Re3 h6 23. Bh4 Bxf3 24. Rxf3 Nxh4 25. Rxf5 Nxf5 26. Qd5+ Kh8
27. Rf1 Nd4 28. Qe4 Ra6 29. a4 Nxb3 30. Qb7 Rb6 31. Qxa7 Rb4 32. Qa6 Nd2 33.
Rc1 Nxc4 34. h3 Qf4 35. Qa8+ Kh7 36. Ra1 Rb2 37. Qf3 Qxf3 38. gxf3 Na5 39. Kf1
c4 40. Rd1 Rb6 41. Ke2 Nb3 42. Ke3 Nc5 43. Rc1 Rb3+ 44. Ke2 Rb2+ 0-1

[Event "9098 - Open de la Loire "]
[Site "Loire"]
[Date "2007.02.03"]
[Round "3.7"]
[White "Doucet, Medhi"]
[Black "Mialon, Franck"]
[Result "1-0"]
[WhiteElo "1630"]
[BlackElo "1320"]
[PlyCount "41"]
[EventDate "2007.??.??"]

1. c4 f5 2. Nc3 e6 3. d3 d5 4. cxd5 exd5 5. Bf4 Bb4 6. a3 Bxc3+ 7. bxc3 Nf6 8.
Nf3 O-O 9. g3 c6 10. Bg2 Qb6 11. O-O Nbd7 12. Rb1 Qc5 13. Qb3 Qe7 14. Rfe1 Qf7
15. Ne5 Qh5 16. Nxd7 Bxd7 17. Qxb7 Rab8 18. Bxb8 Ng4 19. h3 Nf6 20. Be5 f4 21.
Bxf6 1-0

[Event "9098 - Open de la Loire "]
[Site "Loire"]
[Date "2007.02.03"]
[Round "3.8"]
[White "Gregoire, Patrick"]
[Black "Brachet, Gerard"]
[Result "1-0"]
[WhiteElo "1580"]
[BlackElo "1380"]
[PlyCount "71"]
[EventDate "2007.??.??"]

1. e4 e5 2. Nf3 Nc6 3. Bc4 h6 4. d4 exd4 5. Nxd4 Nxd4 6. Qxd4 d6 7. Nc3 c5 8.
Qd3 Nf6 9. O-O Be7 10. Nd5 O-O 11. Re1 a6 12. a4 Rb8 13. Nxf6+ Bxf6 14. Qg3 Be5
15. Bf4 Bxf4 16. Qxf4 Be6 17. Bd3 c4 18. Be2 Rc8 19. Ra3 Rc5 20. Rg3 f5 21.
Qxh6 Qf6 22. Rg6 fxe4 23. Rxf6 gxh6 24. Rxe6 c3 25. b3 b5 26. b4 Rcf5 27. f3 d5
28. Rxa6 bxa4 29. Rxa4 exf3 30. Bxf3 Rg5 31. Rf1 d4 32. Ra5 Rg7 33. Bd5+ Rgf7
34. Rxf7 Rxf7 35. Bxf7+ Kxf7 36. Rd5 1-0

[Event "9098 - Open de la Loire "]
[Site "Loire"]
[Date "2007.02.03"]
[Round "3.9"]
[White "Volay, Pascal"]
[Black "Kotur, Sava"]
[Result "1-0"]
[WhiteElo "1390"]
[BlackElo "1550"]
[PlyCount "69"]
[EventDate "2007.??.??"]

1. e4 d5 2. exd5 Qxd5 3. Nc3 Qa5 4. d4 c6 5. Nf3 Nf6 6. Bd3 Bg4 7. O-O Nbd7 8.
Be2 e6 9. h3 Bxf3 10. Bxf3 Be7 11. Qe2 O-O 12. a3 Rab8 13. b4 Qb6 14. Be3 Qc7
15. Qd2 Nd5 16. Nxd5 exd5 17. Bf4 Qd8 18. Bxb8 Qxb8 19. Rfe1 Bf6 20. c3 Nb6 21.
g3 Nc4 22. Qf4 Qd8 23. Be2 Bg5 24. Qf3 Nd2 25. Qd3 Ne4 26. Bf3 Nd2 27. Re2
Nxf3+ 28. Qxf3 Bf6 29. Ree1 g6 30. h4 Kg7 31. Re3 h5 32. Kg2 a5 33. Qd1 axb4
34. axb4 b6 35. Rc1 1-0

[Event "9098 - Open de la Loire "]
[Site "Loire"]
[Date "2007.02.03"]
[Round "3.10"]
[White "Chambosse, Alexis"]
[Black "Carrot, Axel"]
[Result "0-1"]
[WhiteElo "1320"]
[BlackElo "1530"]
[PlyCount "100"]
[EventDate "2007.??.??"]

1. e4 e5 2. Nf3 Nc6 3. d4 exd4 4. Nxd4 Nxd4 5. Qxd4 d6 6. Bc4 Qf6 7. c3 Qxd4 8.
cxd4 Be7 9. Nc3 Be6 10. Nd5 Bxd5 11. Bxd5 c6 12. Bb3 Nf6 13. O-O Nxe4 14. Re1
d5 15. Bc2 Nd6 16. Bf4 Nc4 17. b3 Nb6 18. a4 f6 19. a5 Nc8 20. Re2 Kf7 21. Rae1
g6 22. h3 Bb4 23. Rd1 Bxa5 24. Bd2 Bxd2 25. Rdxd2 Nd6 26. Bd3 Rhe8 27. Rd1 Rxe2
28. Bxe2 Re8 29. Kf1 Ne4 30. Rc1 f5 31. h4 Nd2+ 32. Ke1 Nxb3 33. Rb1 Nxd4 34.
Rxb7+ Kf6 35. Rb2 Rxe2+ 36. Rxe2 Nxe2 37. Kxe2 a5 38. Kd2 a4 39. Kc2 d4 40. Kb2
d3 41. Kc3 a3 42. Kxd3 a2 43. Ke2 a1=Q 44. f4 Qb2+ 45. Kf1 c5 46. Kg1 c4 47.
Kh2 c3 48. Kh3 c2 49. Kg3 c1=R 50. Kf3 Rc3# 0-1

[Event "9098 - Open de la Loire "]
[Site "Loire"]
[Date "2007.02.03"]
[Round "3.11"]
[White "Desassis, Emmeran"]
[Black "Gregoire, Michele"]
[Result "0-1"]
[WhiteElo "1120"]
[BlackElo "1500"]
[PlyCount "38"]
[EventDate "2007.??.??"]

1. d4 d5 2. Nf3 e6 3. e3 Nf6 4. Bd3 c5 5. Nbd2 Bd7 6. b3 Nc6 7. Bb2 Rc8 8. Ba3
Qb6 9. c3 Be7 10. Rb1 cxd4 11. exd4 Bxa3 12. c4 Nxd4 13. Nxd4 Qxd4 14. O-O Qxd3
15. b4 dxc4 16. Re1 c3 17. Re3 Qxd2 18. Qxd2 cxd2 19. Rxa3 Rc1+ 0-1

[Event "9098 - Open de la Loire "]
[Site "Loire"]
[Date "2007.02.03"]
[Round "3.12"]
[White "Daillere, Roland"]
[Black "Swietlicki, Jordan"]
[Result "0-1"]
[WhiteElo "1499"]
[BlackElo "1199"]
[PlyCount "50"]
[EventDate "2007.??.??"]

1. e4 e5 2. Nf3 Nc6 3. d4 d6 4. Bb5 Bd7 5. Nc3 Nf6 6. Bg5 Be7 7. O-O O-O 8. d5
Nb4 9. a3 a6 10. Bxd7 Nxd7 11. Bxe7 Qxe7 12. axb4 c6 13. Qd2 c5 14. bxc5 Nxc5
15. b4 Nd7 16. b5 Nc5 17. bxa6 bxa6 18. Qe3 h6 19. Na4 Rac8 20. Nxc5 Rxc5 21.
Rxa6 Rxc2 22. Rc1 Rxc1+ 23. Qxc1 f5 24. Nd2 Qg5 25. Nf3 Qxc1+ 0-1

[Event "9098 - Open de la Loire "]
[Site "Loire"]
[Date "2007.02.03"]
[Round "3.13"]
[White "Perez, Christian"]
[Black "Muller, Anthony"]
[Result "0-1"]
[WhiteElo "1480"]
[BlackElo "1199"]
[PlyCount "82"]
[EventDate "2007.??.??"]

1. e4 e5 2. Nf3 Nc6 3. Bb5 a6 4. Ba4 b5 5. Bb3 Bc5 6. c3 h6 7. O-O Nf6 8. Re1
Ng4 9. d4 exd4 10. cxd4 Bb6 11. h3 Nf6 12. e5 Nh7 13. Nc3 O-O 14. Be3 Bb7 15.
Qd2 d6 16. exd6 Qxd6 17. Rad1 Rad8 18. Bc2 Nf6 19. Bf4 Qd7 20. Ne5 Qxd4 21.
Qxd4 Bxd4 22. Nxc6 Bxc6 23. Bxc7 Rd7 24. Be5 Bxe5 25. Rxe5 Rfd8 26. Rxd7 Rxd7
27. Re1 Rd2 28. Re2 Rxe2 29. Nxe2 Nd5 30. Nd4 Bd7 31. Bb3 Nb4 32. a3 Nd3 33.
Bd5 Nxb2 34. Bc6 Bxc6 35. Nxc6 Nc4 36. Nb4 Nxa3 37. Nxa6 Nc2 38. Kf1 b4 39. Nc5
Nd4 40. Ke1 b3 41. Kd2 b2 0-1

[Event "9098 - Open de la Loire "]
[Site "Loire"]
[Date "2007.02.03"]
[Round "3.14"]
[White "Masson, Guillaume"]
[Black "Megnot, Philippe"]
[Result "0-1"]
[WhiteElo "1220"]
[BlackElo "1440"]
[PlyCount "60"]
[EventDate "2007.??.??"]

1. e4 c5 2. Nf3 Nc6 3. d4 cxd4 4. Nxd4 e5 5. Nxc6 bxc6 6. Nc3 Nf6 7. Bc4 Be7 8.
O-O O-O 9. Be3 d5 10. exd5 cxd5 11. Nxd5 Bb7 12. Nxe7+ Qxe7 13. Qe2 Nd7 14.
Rad1 Nb6 15. Ba6 Be4 16. Qb5 Qe6 17. c4 Bc2 18. Rc1 Bd3 19. Rfd1 Rfd8 20. b3 e4
21. f3 exf3 22. Bxb6 axb6 23. Bb7 Ra5 24. Bd5 Qe3+ 25. Kh1 Rxb5 26. cxb5 f2 27.
Bc4 f1=R+ 28. Rxf1 Bxf1 29. Bxf1 Qxc1 30. a4 Qb1 0-1

[Event "9098 - Open de la Loire "]
[Site "Loire"]
[Date "2007.02.03"]
[Round "3.15"]
[White "Schlick, Paul"]
[Black "Martin, Julien"]
[Result "0-1"]
[WhiteElo "1299"]
[BlackElo "1400"]
[PlyCount "74"]
[EventDate "2007.??.??"]

1. d4 d5 2. e3 Nf6 3. Nf3 Nc6 4. b3 e6 5. Bb2 Bd6 6. Ne5 Nxe5 7. dxe5 Bxe5 8.
Bxe5 Qe7 9. Qd4 c5 10. Bxf6 gxf6 11. Qd2 b6 12. Bb5+ Bd7 13. Bxd7+ Qxd7 14. O-O
Rg8 15. g3 O-O-O 16. Qe2 Kb8 17. Nc3 e5 18. Qb5 Qe6 19. Qa6 Rg6 20. Nb5 Rd7 21.
Rad1 Rh6 22. c4 Qh3 23. Rfe1 Qxh2+ 24. Kf1 Qh3+ 25. Ke2 Qg4+ 26. Kd2 Rh2 27.
Rf1 Qxg3 28. Kc1 Qg2 29. Rde1 Qe4 30. Re2 Qd3 31. Rfe1 dxc4 32. bxc4 Qxc4+ 33.
Kb1 Qb4+ 34. Ka1 Rxf2 35. e4 Rxe2 36. Rb1 Qxb1+ 37. Kxb1 Rd1# 0-1

[Event "9098 - Open de la Loire "]
[Site "Loire"]
[Date "2007.02.03"]
[Round "3.16"]
[White "Ben Habchi, Nordine"]
[Black "Choquelle, Jean"]
[Result "0-1"]
[WhiteElo "1350"]
[BlackElo "1210"]
[PlyCount "34"]
[EventDate "2007.??.??"]

1. e4 e5 2. f4 Bd6 3. Qg4 Ne7 4. Qxg7 Rf8 5. Qxh7 Ng6 6. Nf3 Nxf4 7. Bc4 Qe7 8.
Nh4 Bc5 9. Nf5 Qf6 10. Qh4 Nxg2+ 11. Ke2 Nxh4 12. Nxh4 Qxh4 13. Rf1 Qxh2+ 14.
Ke1 Qh4+ 15. Ke2 d6 16. Nc3 Bg4+ 17. Kd3 Qh3+ 0-1

[Event "9098 - Open de la Loire "]
[Site "Loire"]
[Date "2007.02.03"]
[Round "3.17"]
[White "Veyrat, Gerard"]
[Black "Gerey, Jean-Pierre"]
[Result "0-1"]
[WhiteElo "1200"]
[BlackElo "1330"]
[PlyCount "74"]
[EventDate "2007.??.??"]

1. e4 e5 2. Bc4 Nc6 3. Nf3 Nf6 4. Nc3 Bc5 5. Ng5 O-O 6. Qf3 h6 7. Nh3 Nd4 8.
Qd3 d6 9. O-O a6 10. Kh1 b5 11. Bd5 Ra7 12. a3 Nxd5 13. Nxd5 c6 14. b4 cxd5 15.
bxc5 dxc5 16. c3 c4 17. Qg3 Nc6 18. d3 Be6 19. Bxh6 Qf6 20. Bg5 Qg6 21. f4 f6
22. f5 Qh7 23. fxe6 fxg5 24. Nxg5 Rxf1+ 25. Rxf1 Qg6 26. exd5 Nd8 27. d6 Nxe6
28. Nxe6 Qxe6 29. Qf3 Rf7 30. Qxf7+ Qxf7 31. Rxf7 Kxf7 32. d7 Ke7 33. g4 cxd3
34. h4 d2 35. Kg2 d1=Q 36. g5 Qg4+ 37. Kf2 Kxd7 0-1

[Event "9098 - Open de la Loire "]
[Site "Loire"]
[Date "2007.03.02"]
[Round "4.1"]
[White "Pendrigh, Robin"]
[Black "Gidon, Rene"]
[Result "1-0"]
[WhiteElo "1680"]
[BlackElo "1600"]
[PlyCount "75"]
[EventDate "2007.??.??"]

1. e4 e5 2. Nf3 Nc6 3. Bb5 a6 4. Ba4 Nf6 5. O-O b5 6. Bb3 Be7 7. Re1 O-O 8. c3
Na5 9. Bc2 c5 10. Nxe5 Qc7 11. Nf3 d6 12. h3 Nc6 13. d4 c4 14. Bf4 Bb7 15. e5
Nd5 16. exd6 Bxd6 17. Bxd6 Qxd6 18. Nbd2 Nf6 19. Ne4 Nxe4 20. Bxe4 Rab8 21. Qc2
h6 22. Re3 Ne7 23. Bxb7 Rxb7 24. Rae1 Nd5 25. Re5 Nf4 26. Qe4 Nd3 27. Qxb7 Nxe1
28. Rxe1 Qf6 29. Qe7 Qc6 30. Ne5 Qe8 31. Qxe8 Rxe8 32. Nf3 Rd8 33. Nd2 f5 34.
f4 Kf7 35. Nf3 Kf6 36. Re5 Rd6 37. a3 Rc6 38. b4 1-0

[Event "9098 - Open de la Loire "]
[Site "Loire"]
[Date "2007.03.02"]
[Round "4.2"]
[White "Granger, Thierry"]
[Black "Moleins, Adrien"]
[Result "1-0"]
[WhiteElo "1600"]
[BlackElo "1720"]
[PlyCount "93"]
[EventDate "2007.??.??"]

1. d4 c6 2. c4 g6 3. Nc3 Bg7 4. Nf3 e6 5. e3 Ne7 6. Be2 O-O 7. b4 b6 8. a3 c5
9. Bb2 cxd4 10. Nxd4 Na6 11. O-O Nc7 12. Nb3 d5 13. Nd4 Bb7 14. Nxd5 Ncxd5 15.
cxd5 Nxd5 16. Qd2 Nf6 17. Rfd1 Ne4 18. Qd3 Ng5 19. f4 Qd5 20. e4 Nxe4 21. Bf3
e5 22. Re1 f5 23. fxe5 Bxe5 24. Rad1 Rad8 25. Bxe4 fxe4 26. Qe3 Bf4 27. Qe2 Qf7
28. Rf1 Qc7 29. g3 Be5 30. Ne6 Rxf1+ 31. Rxf1 Bxb2 32. Nxc7 Bd4+ 33. Kh1 Bc5
34. bxc5 Rd2 35. Qxd2 e3+ 36. Kg1 exd2 37. Rd1 bxc5 38. Rxd2 Be4 39. Na6 c4 40.
Nb4 c3 41. Re2 Bf5 42. Kf2 a5 43. Nc2 Kf7 44. Kf3 Bd3 45. Rf2 Ke6 46. Ke3 Bf5
47. Kd4 1-0

[Event "9098 - Open de la Loire "]
[Site "Loire"]
[Date "2007.03.02"]
[Round "4.3"]
[White "Furnon, Yannick"]
[Black "Doucet, Medhi"]
[Result "1-0"]
[WhiteElo "1540"]
[BlackElo "1630"]
[PlyCount "41"]
[EventDate "2007.??.??"]

1. d4 d5 2. Nf3 Nf6 3. Bg5 e6 4. Nbd2 Be7 5. e3 Ne4 6. Bxe7 Qxe7 7. Nxe4 dxe4
8. Nd2 f5 9. c3 a6 10. a4 O-O 11. Bc4 Nc6 12. O-O Kh8 13. Re1 Bd7 14. Nb3 b6
15. Qe2 Rfe8 16. Bxa6 Qf7 17. Bb5 Na5 18. Bxd7 Qxd7 19. Nd2 e5 20. Nc4 exd4 21.
Ne5 1-0

[Event "9098 - Open de la Loire "]
[Site "Loire"]
[Date "2007.03.02"]
[Round "4.4"]
[White "Pommier, Laurent"]
[Black "Volay, Pascal"]
[Result "1/2-1/2"]
[WhiteElo "1860"]
[BlackElo "1390"]
[PlyCount "58"]
[EventDate "2007.??.??"]

1. e4 e5 2. Nf3 Nc6 3. Bb5 a6 4. Bxc6 dxc6 5. Nxe5 Qd4 6. Nf3 Qxe4+ 7. Qe2
Qxe2+ 8. Kxe2 Bg4 9. Re1 O-O-O 10. d3 Re8+ 11. Be3 Nf6 12. Nbd2 Bxf3+ 13. Nxf3
Nd5 14. Kd2 f6 15. Re2 Bd6 16. Rae1 Kd7 17. a3 Re7 18. Nd4 g6 19. h3 Bb4+ 20.
Kd1 Bxe1 21. Rxe1 Nxe3+ 22. fxe3 Rhe8 23. Kd2 c5 24. Nf3 g5 25. g4 h6 26. e4 c6
27. c3 b5 28. Nh2 a5 29. Nf1 a4 1/2-1/2

[Event "9098 - Open de la Loire "]
[Site "Loire"]
[Date "2007.03.02"]
[Round "4.5"]
[White "Moleins, Jean-Pierre"]
[Black "Paratcha, Yohan"]
[Result "1-0"]
[WhiteElo "1750"]
[BlackElo "1320"]
[PlyCount "91"]
[EventDate "2007.??.??"]

1. e4 e6 2. b3 d5 3. f3 e5 4. Bb2 Bd6 5. Bd3 Nf6 6. Ne2 O-O 7. O-O Bc5+ 8. Kh1
d4 9. c3 dxc3 10. dxc3 b5 11. b4 Bb6 12. a4 a6 13. axb5 c5 14. c4 cxb4 15. Bxe5
Bc7 16. Bxc7 Qxc7 17. bxa6 Nxa6 18. Qc2 Be6 19. Nd2 Nc5 20. Nd4 Nxd3 21. Nxe6
fxe6 22. Qxd3 Rad8 23. Qe2 Qb6 24. Nb3 Nd7 25. Ra5 Rc8 26. Rb5 Qc6 27. Rd1 Qc7
28. Rb7 Rfd8 29. Qd2 Ne5 30. Rxc7 Rxd2 31. Nxd2 Rd8 32. Re7 b3 33. f4 Ng4 34.
Kg1 Ne3 35. Rb1 Rxd2 36. Rxb3 Rxg2+ 37. Kh1 h6 38. Rxe3 Rc2 39. Rg3 g5 40. fxg5
hxg5 41. Rxg5+ Kf8 42. Ra7 Rc1+ 43. Kg2 Rc2+ 44. Kh3 Rc3+ 45. Kg4 Rxc4 46. Ra8+
1-0

[Event "9098 - Open de la Loire "]
[Site "Loire"]
[Date "2007.03.02"]
[Round "4.6"]
[White "Gregoire, Michele"]
[Black "Gregoire, Patrick"]
[Result "1/2-1/2"]
[WhiteElo "1500"]
[BlackElo "1580"]
[PlyCount "67"]
[EventDate "2007.??.??"]

1. d4 d5 2. Nf3 e6 3. Bf4 c5 4. c3 Qb6 5. Qb3 Qa5 6. dxc5 Bxc5 7. e3 Bd7 8. Nd4
b6 9. Bxb8 Rxb8 10. Bb5 Nf6 11. Bxd7+ Kxd7 12. Qb5+ Qxb5 13. Nxb5 a6 14. Nd4
Bxd4 15. exd4 h5 16. Nd2 h4 17. h3 g5 18. f3 Nh5 19. O-O-O Nf4 20. Rh2 b5 21.
a3 Rhc8 22. Nb3 Kd6 23. Kd2 Ra8 24. Nc5 Rc7 25. Nd3 Nxd3 26. Kxd3 f6 27. Rhh1
Re8 28. Rhe1 Ree7 29. Rd2 e5 30. Rde2 a5 31. b3 f5 32. Kd2 e4 33. fxe4 Rxe4 34.
Rxe4 1/2-1/2